Регионална библиотека "Любен Каравелов" - Русе

Методология на изследователската работа (Запис номер 188042)

MARC детайли
000 -Лидер
Контролно поле с фиксирана дължина 01994nam a2200373 c 4500
003 - Код на организацията, давaща контролен номер
Контролно поле BLK
005 - Дата и час на последна редакция
Контролно поле 20240311132101.0
008 - Елементи от данни с фиксирана дължина
fixed length control field 180411b bul|||||r ||||||| ||bul||
010 ## - Наследен системен номер
LC control number KNG00197060000
020 ## - Международен стандартен номер на книга ISBN
Международен стандартен номер на книга ISBN 978-954-756-136-6
-- издат.: Мед. унив.
040 ## - Източник на каталожния запис
Идентификатор на билиотеката - собственик на записа BLK
041 ## - Код за език
Код за езика на текст/звукозапис или на отделно заглавие Български
Код за езика КДБФ Български
072 #7 - Код за тематичната категория
Код организация bullib
Код за тематична категория Н61
Текст Медицина Н
080 ## - УДК
Текстов определител УДК Медицина
УДК код - определител по УДК 61
УДК определител :001.89(075.8)
УДК - код + определител 61:001.89(075.8)
080 ## - УДК
Текстов определител УДК Организация на науката и научноизследователската работа, опитно-конструкторската работа, експеримент и контрол, иновации, изобретателство, нововъведения Вж и 005;007;351.85
УДК код - определител по УДК 001.89
УДК определител (075.8)
УДК - код + определител 001.89(075.8)
100 1# - Редна дума - Автор
Автор Христова, Петкана Ангелова
Авторска отговорност първи автор
R(LIN) 344483
139 ## - Редно поле
Редна дума Христова, Петкана Ангелова
Авторски знак Христова - Х 79
245 10 - Сведения за заглавието
Заглавие Методология на изследователската работа
Редно поле (дума) Петкана Ангелова Христова.
257 ## - Страна на издаване
Страна на създаване/издаване България
260 ## - Област на издателските данни
-- Плевен
Име на издателя, разпространителя и проч. Мед. унив.
Година на издаване 2015
Печатница Плевен : ЕА
300 ## - Физическа характеристика
Страници 208 с.
Илюстрации и др. с табл., черт.
Размери/Мащаб 20 см
380 ## - Жанр
Жанр Медицина
500 ## - Общи забележки
Забележка Изд. на М-во на образованието, младежта и науката, Мед. унив. - Плевен. Център за дистанционно обучение. - Съдържа и за авт. - Библиогр. с. 207.
650 #4 - Допълнително описание по предмет – тема
Основно описание – тема или топоним Медицина - научноизследователска работа
9 (RLIN) 339297
653 ## - Ключова дума – ненормативна
Ключова дума медицина
653 ## - Ключова дума – ненормативна
Ключова дума научноизследователска работа
659 ## - Тематичен бюлетин
Тематичен бюлетин Н
852 ## - Местоположение
Форматна сигнатура Цб 283336
856 4# - Електронен адрес и достъп
Електронен формат pdf - файл
Път до файла /url/
856 4# - Електронен адрес и достъп
Електронен формат pdf - файл
Път до файла /url/
942 ## - АРТИКУЛИ
Вид на библиотечния материал Книги
Скрит в OPAC Не
Koha issues (borrowed), all copies 1
944 ## - СЪЗДАВАНЕ И РЕДАКЦИЯ на ЗАПИСА
Създаване/Редакция Създаване
Дата на регистрацията/редакция 30.11.2016
Статус, дата на статуса Минев Младен
Служител, извършил регистрацията/редакцията 30530
944 ## - СЪЗДАВАНЕ И РЕДАКЦИЯ на ЗАПИСА
Създаване/Редакция Редакция
Дата на регистрацията/редакция 15.12.2016
Статус, дата на статуса ф /
Служител, извършил регистрацията/редакцията Людмила_Стоянова
999 ## - СИСТЕМНИ КОНТРОЛНИ НОМЕРА
Koha biblionumber 188042
Koha biblioitemnumber 188042
Наличности
Код за отписване Код за изгубен артикул Код за повреда Коз за рестрикции Код за отдаване Артикулен № Име на библиотеката - собственик Име на библиотеката, в която се намира в момента Статус (Текущо местоположение) Дата на вписване в системата Местоположение - отдел Цена в лева Инвентарен номер Систематично азбучна сигнатура Баркод Номер на екземпляра Цена в евро Служебна бележка Служебен тип на артикула
  Не е изгубен Не е повреден без рестрикции заемане за дома 329060 Регионална библиотека "Любен Каравелов" Русе Регионална библиотека "Любен Каравелов" Русе Заемна - подръчен фонд 2016-11-30 Заемна - подръчен фонд 13.00 120000806131 П 61/Х 79 120000806131 1 6.65 Дост: DA Вид: А N: 43 Дата: 30.11.2016 Дата инв: 02.02.2018 Бележки инв: П2018 Книги
Vip Innovations Ltd, Rousse, Bulgaria 2025